1676 1050 1184 1029 1472 1921 1825 1754 1101 1437 1961 1559 1624 1563 1239 1871 1287 1914 1979 1329 1202 1454 1601 1680 1302 1084 1791 1359 1029 1071 1726 1183 1865 1485 1039 1293 1064 1268 1956 1367 1065 1521 1095 1271 1801 1393 1285 1540 1673 1993 1841 1954 1032 1571 1170 1245 1390 1090 1645 1611 1705 1973 1581 1139 1538 1967 1417 1283 1142 1437 1792 1548 1448 1669 1000 1539 1284 1694 1023 1118 1965 1940 1004 1831 1076 1459 1950 1050 1646 1490 1999 1350 1540 1147 1878 1125 1351 1224 1287 BCNSPRNW ULIB Ver.6.0+V

เปลี่ยนเป็นภาษาไทย

Change to English
 แสดงรายละเอียดบรรณานุกรม
  กลับหน้าหลัก

Brief Record : Get Marc (ISO 2709) : E-mail record : QR code < ปิดหน้าต่าง
LEADER : 00000nas 2200000uu 4500
001    13399123698
003     ULIB
008    020711s2000 th a 000 0 tha d
022    9781582550831
060    WY39^bD611
245    Diseases
260     ^bม.ป.ท.,^c2000
945    ^p0^l0^i014687
รายการนี้ยังไม่มีแท็ก
คุณยังไม่ได้ล็อกอิน คุณสามารถมีกิจกรรมร่วมกับเว็บไซต์ได้ แต่ต้องล็อกอินก่อน ::
  ล็อกอิน

รายการสื่อสารสนเทศ (วารสาร)

ดูแบบ: กล่อง รายการ
ARRIVED
ฉ.1
สถานที่: ห้องสมุดวิทยาเขตสวรรค์ประชารักษ์ >หนังสือทั่วไป
รายการใกล้เคียง
    ชื่อเรื่อง [Diseases]

BibComment


ยังไม่เคยถูกคอมเมนท์

คอมเมนท์ทรัพยากรรายการนี้
  คอมเมนท์: Diseases


 Copyright 2026. Bcnsprnw @Library